000 00843nam a22002537a 4500
001 BR2014005660
003 BR-BrBNA
005 20230928104503.0
007 ta
008 230509b bl.||||| |||| 00| 0 por d
040 _aBR-BrBNA
_bpor
_cBiblioteca Nacional de Agricultura
041 _a(Por)
072 _aD10
090 _ D10 BR2014005660
110 1 _aMinistério do Planejamento, Orçamento e Gestão, Brasília, DF (Brasil)
_97594
245 1 _aInstrumento de auto-avaliação da gestão pública 2000; programa da qualidade no serviço público auto-avaliação da gestão pública
260 3 _aBrasília, DF (Brasil):
_c2000.
300 _a158 p.
500 _a12 ref.; Glossary p. 143-157; 8 illus.; 13 tables
650 _aGESTÃO
650 _aADMINISTRAÇÃO
909 _a202309
_bLucia
_c55
_dLucia Elande
942 _cBK
999 _c80189
_d80189